[Event "FRA-chT2 East 0708"]
[Site "France"]
[Date "2008.04.05"]
[Round "10.8"]
[White "Kuchly, Audrey"]
[Black "Jeannerot, Lea"]
[Result "0-1"]
[WhiteElo "1620"]
[BlackElo "1946"]
[PlyCount "122"]
[EventDate "2007.10.21"]
[EventType "team"]
[EventRounds "11"]
[EventCountry "FRA"]
[SourceTitle "EXT 2009"]
[Source "ChessBase"]
[SourceDate "2008.11.26"]
[SourceVersion "1"]
[SourceVersionDate "2008.11.26"]
[SourceQuality "1"]
[WhiteTeam "Saverne"]
[BlackTeam "Besancon TPG II"]
[WhiteTeamCountry "FRA"]
[BlackTeamCountry "FRA"]

1. e4 e5 2. Nf3 Nc6 3. Bc4 Bc5 4. c3 Nf6 5. d4 exd4 6. cxd4 Bb4+ 7. Bd2 Bxd2+ 8. Nbxd2 d5 9. exd5 Nxd5 10. Bb3 0-0 11. 0-0 Bg4 12. Qc2 Nce7 13. Rfe1 c6 14. Ne5 Bf5 15. Qd1 Ng6 16. Qh5 Be6 17. Bc2 Ndf4 18. Qf3 Qxd4 19. Nxg6 Nxg6 20. Ne4 Qxb2 21. Bd3 Ne5 22. Qe3 Nxd3 23. Qxd3 Rad8 24. Qg3 Qd4 25. h4 Kh8 26. Qf3 Bd5 27. Rad1 Bxe4 28. Rxd4 Bxf3 29. Rxd8 Rxd8 30. gxf3 Kg8 31. Re7 Rb8 32. Kg2 a5 33. f4 c5 34. Kf3 c4 35. Ke2 g6 36. Kd2 Rd8+ 37. Kc3 b5 38. Re5 Rd3+ 39. Kc2 b4 40. Rxa5 Rf3 41. Ra4 Rxf2+ 42. Kb1 b3 43. axb3 cxb3 44. Rb4 b2 45. Rc4 Kg7 46. Re4 Kf6 47. Rd4 h6 48. Rb4 Kf5 49. Rc4 Rxf4 50. Rc5+ Kg4 51. Kxb2 Kxh4 52. Kc3 g5 53. Kd3 h5 54. Ke3 Kg4 55. Rc1 Rf3+ 56. Ke4 f5+ 57. Ke5 f4 58. Rg1+ Rg3 59. Rf1 h4 60. Ke4 h3 61. Rh1 Re3+ 0-1

[Event "FRA-chT2 East 0708"]
[Site "France"]
[Date "2007.11.25"]
[Round "3.8"]
[White "Kuchly, Audrey"]
[Black "Malik, Timour"]
[Result "0-1"]
[WhiteElo "1560"]
[BlackElo "1850"]
[PlyCount "82"]
[EventDate "2007.10.21"]
[EventType "team"]
[EventRounds "11"]
[EventCountry "FRA"]
[SourceTitle "EXT 2009"]
[Source "ChessBase"]
[SourceDate "2008.11.26"]
[SourceVersion "1"]
[SourceVersionDate "2008.11.26"]
[SourceQuality "1"]
[WhiteTeam "Saverne"]
[BlackTeam "Vandoeuvre II"]
[WhiteTeamCountry "FRA"]
[BlackTeamCountry "FRA"]

1. e4 e6 2. d4 d5 3. exd5 exd5 4. Bd3 c5 5. c3 Nc6 6. Nf3 Bg4 7. Bb5 Nf6 8. Qe2+ Be7 9. h3 Bxf3 10. Qxf3 cxd4 11. Bxc6+ bxc6 12. cxd4 Qb6 13. Qe3 0-0 14. 0-0 Rfe8 15. Qd3 c5 16. b3 Rac8 17. Be3 c4 18. Qc2 Ne4 19. Rd1 Bf6 20. Na3 Qb4 21. Qb2 c3 22. Qc1 Rc6 23. Nc2 Qb6 24. Rd3 Rec8 25. Qe1 Re6 26. Qd1 Qb5 27. Na3 Qa6 28. Nc2 Nd2 29. Nb4 Qb5 30. Bxd2 Qxb4 31. Be3 c2 32. Qc1 Re4 33. Bd2 Qb5 34. Rc3 Rxc3 35. Bxc3 Qd3 36. Qd2 Qxd2 37. Bxd2 Rxd4 38. Re1 h6 39. Re8+ Kh7 40. Re2 Rxd2 41. Rxd2 c1Q+ 0-1

[Event "FRA-chT2 East 0708"]
[Site "France"]
[Date "2007.11.24"]
[Round "2.8"]
[White "Kuchly, Audrey"]
[Black "Baujard, Anne"]
[Result "1-0"]
[WhiteElo "1560"]
[BlackElo "1926"]
[PlyCount "79"]
[EventDate "2007.10.21"]
[EventType "team"]
[EventRounds "11"]
[EventCountry "FRA"]
[SourceTitle "EXT 2009"]
[Source "ChessBase"]
[SourceDate "2008.11.26"]
[SourceVersion "1"]
[SourceVersionDate "2008.11.26"]
[SourceQuality "1"]
[WhiteTeam "Saverne"]
[BlackTeam "Epinal"]
[WhiteTeamCountry "FRA"]
[BlackTeamCountry "FRA"]

1. c4 e6 2. g3 d5 3. Bg2 Nf6 4. Nf3 Nbd7 5. b3 dxc4 6. bxc4 Nb6 7. d3 Bd7 8. Nc3 Bc6 9. 0-0 Bd6 10. Be3 Nbd7 11. Nb5 a6 12. Nbd4 Bxf3 13. Bxf3 c6 14. Rb1 Qc7 15. Qc2 0-0 16. Nb3 c5 17. Nd2 Rab8 18. a4 b6 19. Rb3 Rfe8 20. Rfb1 a5 21. Rd1 Red8 22. Nb1 Ne5 23. Bg2 Neg4 24. Bd2 Ne5 25. Na3 Qe7 26. Rdb1 Bc7 27. Bc3 Ng6 28. Nb5 Be5 29. Qb2 Bxc3 30. Nxc3 Rd6 31. Rb5 Qd8 32. Rxc5 Nd7 33. Rb5 Nge5 34. Ne4 Qc7 35. Nxd6 Qxd6 36. Qc3 g6 37. d4 Nc6 38. Bxc6 Qxc6 39. c5 h5 40. Qb2 1-0

[Event "FRA-ch U16 Girls"]
[Site "Le Grand Bornand"]
[Date "2003.??.??"]
[Round "1.4"]
[White "Guichard, Pauline"]
[Black "Kuchly, Audrey"]
[Result "1-0"]
[WhiteElo "2020"]
[BlackElo "1580"]
[PlyCount "35"]
[EventDate "2003.??.??"]
[EventType "swiss"]
[EventRounds "9"]
[EventCountry "FRA"]
[SourceTitle "EXT 2004"]
[Source "ChessBase"]
[SourceDate "2003.11.25"]
[SourceVersion "1"]
[SourceVersionDate "2003.11.25"]
[SourceQuality "1"]

1. d4 e6 2. c4 d5 3. Nf3 Nf6 4. Nc3 Bb4 5. Qc2 c6 6. Bg5 Nbd7 7. e3 0-0 8. Bd3 dxc4 9. Bxh7+ Kh8 10. Ne5 Nb6 11. h4 c5 12. dxc5 Bxc5 13. Ne4 Be7 14. Rd1 Qc7 15. Bf4 Bb4+ 16. Kf1 Qe7 17. Ng5 Qe8 18. Rd8 1-0